| 000 | 00627nam a2200217Ii 4500 | ||
|---|---|---|---|
| 003 | JO-AjNU | ||
| 008 | 230606s9999||||xx |||||||||||||| ||und|| | ||
| 020 | _a0-13-033272-0 | ||
| 040 |
_aJO-AjNU _beng _erda _cJO-AjNU |
||
| 041 | _aeng | ||
| 050 | 1 | 4 | _aHF5686.I56.C53 2002 |
| 100 | 3 |
_aChoi, Frederic D.S., Carol Ann Frost, Gary K. Meek, _eauthor _96859 |
|
| 245 | 0 | 0 | _aINTERNATIONAL ACCOUNTING |
| 250 | _a4th ed | ||
| 264 | 3 | 1 | _aLondon: prentice Hall, 2002 |
| 300 | _a520p | ||
| 336 |
_atext _btxt _2rdacontent |
||
| 337 |
_aunmediated _bn _2rdamedia |
||
| 338 |
_avolume _bnc _2rdacarrier |
||
| 650 | 4 |
_aAccounting _96860 |
|
| 999 |
_aE3595 _c3554 _d3554 |
||